00497nam a22001812 4500001001100000005001700011008004100028020001700069040001500086100003000101245004300131250001300174260003500187300001500222650004300237650003200280852000300312000001872420151217152133.0100609s xx 000 0 eng d a8175347373 : aKABUcKABU1 aWatt, Robert.@000017806110aConcise legal research /cRobert Watt. a5th ed. aDelhi :bUniversal Law,c2004. ax, 271 p. 0aLegai researchzAustralia.@0000178062 0aLegai research.@00001780631